Statistics for Kingdom Rush Heroes

Click here to take the quiz!

General Stats

  • This quiz has been taken 31 times
  • The average score is 28 of 61

Answer Stats

Quote/HintGameHero% Correct
"Swift, like the wind"Kingdom Rush/ OriginsAlleria Swiftwind
95%
"Let's burn!"Kingdom RushIgnus
90%
"Bow... to the KING!"Kingdom RushKing Denas
90%
"It's Hammer time!"Kingdom Rush/ OriginsMalik Hammerfury
86%
"Blood and sand!"Kingdom Rush FrontiersAlric
76%
"My blades are thirsty!"Kingdom RushOni
76%
"The payment is fair."Kingdom Rush FrontiersBruxa
71%
"Master...Beastmaster!"Kingdom Rush FrontiersCronan
71%
"For Midgard!"Kingdom RushThor
71%
"Weapons ready!"Kingdom RushBolin Farslayer
67%
"Hocus Pocus"Kingdom RushMagnus Spellbane
67%
"They won't see me coming."Kingdom Rush FrontiersMirage
67%
"Winter is coming..."Kingdom RushElora Wintersong
62%
"Edih Nori"Kingdom Rush FrontiersSha'tra
62%
"Rrrreeeeh!"Kingdom Rush Frontiers/ OriginsAshbite
57%
"Valhalla Awaits!"Kingdom RushIngvar Bearclaw
57%
"Prepare for glory!"Kingdom RushSir Gerald Lightseeker
57%
"All magic comes with a price."Kingdom Rush/ Origins / VengeanceVez'nan
57%
"Timber! Hoo hoo haa haa!"Kingdom RushHacksaw
52%
"Excelsior!"Kingdom Rush FrontiersNivus
52%
Fire Bird (No quote)Kingdom Rush OriginsPhoenix
52%
"I am _______, mighty monkey!"Kingdom Rush FrontiersSaitam
52%
"You can be my wingman any time."Kingdom Rush OriginsWilbur
52%
"I bend all the elements!"Kingdom Rush OriginsArivan
48%
"Never laugh at undead dragons!"Kingdom Rush FrontiersBoneheart
48%
"Sugar, spice and everything nice!"Kingdom Rush OriginsCatha
48%
"You have my bow."Kingdom Rush OriginsEridan
48%
"A dragon lives forever."Kingdom Rush OriginsFaustus
48%
"Let there be rock!"Kingdom Rush FrontiersGrawl
48%
"Where's the beef?"Kingdom Rush FrontiersKahz
48%
"Everybody has demons."Kingdom Rush OriginsLilith
48%
"Bow before me!"Kingdom Rush OriginsPrince Denas
48%
"I am the sword in the dark!"Kingdom Rush VengeanceAsra
43%
"Solitary trees grow strong."Kingdom Rush OriginsBravebark
43%
"Where be the treasure?"Kingdom Rush FrontiersCaptain Blackthorne
43%
"I am the best at what I doKingdom Rush FrontiersDante
43%
"I'm the one who knocks!"Kingdom Rush OriginsDurax
43%
"Shapeless like water!"Kingdom Rush FrontiersKutsao
43%
"Respect and honor."Kingdom Rush OriginsBruce
38%
"I am ______"Kingdom Rush FrontiersKarkinos
38%
"Smoking!"Kingdom Rush VengeanceOloch
38%
"I'll have my vengeance."Kingdom Rush OriginsReg'son
38%
"Panda Style!"Kingdom Rush OriginsXin
38%
"Time is Golden!"Kingdom Rush Vengeance/ Frontiers/ OriginsBeresad
33%
"Hallelujah!"Kingdom Rush FrontiersDierdre
33%
"The end is near!"Kingdom Rush OriginsLynn
33%
"Man flesh!"Kingdom Rush VengeanceVeruk
33%
"Hear the whispers of the dead!"Kingdom Rush VengeanceMortemis
29%
"Players like me should be left alone."Kingdom Rush OriginsBolverk
24%
"Revenge is best served cold."Kingdom Rush VengeanceEiskalt
24%
"The blood is the life."Kingdom Rush FrontiersLucrezia
24%
"You'll be a fine feast!"Kingdom Rush VengeanceMargosa
24%
"READY TO RUMBLE!"Kingdom Rush VengeanceDoom Tank SG - 11
19%
"Winter is coming!"Kingdom Rush VengeanceJigou
19%
"I'm the captain now!"Kingdom Rush VengeanceJun'Pai
19%
"This is AMAZING!"Kingdom Rush OriginsRazz and Raggs
19%
"All aboard!"Kingdom Rush FrontiersThe Black Corsair
19%
"The bomb has been planted!"Kingdom Rush VengeanceTramin
19%
"I will bury them!"Kingdom Rush Vengeance/ FrontiersJack O'Lantern
14%
"I'm lord of the flame!"Kingdom Rush VengeanceMurglun
14%
"Dungeons deep and caverns old."Kingdom Rush FrontiersRurin Longbeard
14%

Score Distribution

Percentile by Number Answered

Percent of People with Each Score

Your Score History

You have not taken this quiz